| 000 | 00909nam a22002297a 4500 | ||
|---|---|---|---|
| 003 | 0 | ||
| 005 | 20250218103035.0 | ||
| 008 | 250218b xxu||||| |||| 00| 0 eng d | ||
| 050 |
_aG 155 _b.K64 2023 |
||
| 100 | _aKoh, Min Kyeong | ||
| 245 |
_aThe impact of marketing mix in promoting untapped tourist destinations and untapped tourist destination needs in the Philippines _c Min Kyeong Koh and Nicole Jage Reyes |
||
| 260 |
_aLas Pinas City _bSouthville International School and Colleges _c2023 |
||
| 300 |
_axi, 168 pages ; _c28cm. |
||
| 500 | _aBachelor of Science in Tourism. | ||
| 504 | _aIncludes bibliographical references and appendices. | ||
| 650 | _aTourism—Philippines. | ||
| 650 | _aTourism marketing—Philippines | ||
| 650 | _aSustainable tourism—Philippines. | ||
| 650 | _aTourist destinations—Development—Philippines. | ||
| 700 | _aReyes, Nicole Jage | ||
| 942 |
_2lcc _cTH |
||
| 999 |
_c367243 _d367243 |
||